MESTSKÁ KNIŽNICA GIRALTOVCE  - online katalóg 

Morové noci (Record no. 24093)

000 -NÁVESTIE
fixed length control field 00833nam a2200265 4500
001 - EVIDENČNÉ ČÍSLO ZÁZNAMU - Kontrolné číslo
control field vtls012272864
005 - DÁTUM A ČAS POSLEDNEJ TRANSAKCIE
control field 20251215130921.0
008 - ÚDAJE S PEVNOU DĹŽKOU – VŠEOBECNÉ INFORMÁCIE
fixed length control field 250307s2024 xo g 000 f slo
020 ## - MEDZINÁRODNÉ ŠTANDARDNÉ ČÍSLO KNIHY (ISBN)
Medzinárodné štandardné číslo knihy (ISBN) 9788055662411
Qualifying information (viazané)
040 ## - ZDROJ KATALOGIZÁCIE
Pôvodná katalogizujúca agentúra SNK
Jazyk katalogizácie slo
Prepisujúca agentúra SNK
Konvencie popisu rda
041 1# - KÓD JAZYKA
Kód jazyka textu/zvukovej stopy alebo samostatných nápisov slo
Kód jazyka originálu a/alebo sprostredkujúcich prekladov textu eng
044 ## - KÓD KRAJINY VYDAVATEĽA/PRODUCENTA
Kód krajiny MARC xo
Kód krajiny ISO SK
072 #7 - KÓD PREDMETOVEJ KATEGÓRIE
Zdroj konspekt
080 ## - ČÍSLO MEDZINÁRODNÉHO DESATINNÉHO TRIEDENIA (MDT)
Identifikátor vydania 2011
100 1# - OSOBNÉ MENÁ – VŠEOBECNÉ INFORMÁCIE
Osobné meno Pamuk, Orhan,
Dátumy súvisiace s menom 1952-
Kód roly aut
-- bjd
-- 5363
240 10 - UNIFIKOVANÝ NÁZOV
Unifikovaný názov Nights of Plague
Jazyk diela Slovensky
245 10 - NÁZOV
Názov Morové noci
Údaj o zodpovednosti atď. Orhan Pamuk ; z autorizovaného anglického prekladu preložil Otto Havrila
264 #1 - VYDAVATEĽSKÉ ÚDAJE, DISTRIBÚCIA ATĎ. - RDA
Miesto publikovania, distribúcie atď. Bratislava
Názov vydavateľa, distibútora atď. Slovart
Dátum publikovania, distribúcie atď. 2024
300 ## - FYZICKÝ POPIS
Rozsah 613 strán
Ďalšie fyzické detaily mapa
Rozmery 22 cm
336 ## - TYP OBSAHU
Typ obsahu - termín text
Typ obsahu - kód txt
Zdroj rdacontent
337 ## - TYP MÉDIA
Typ média - termín bez média
Typ média - kód n
Zdroj rdamedia
338 ## - TYP NOSIČA
Typ nosiča - termín zväzok
Typ nosiča - kód nc
Zdroj rdacarrier
700 1# - PRIDANÝ VSTUP – OSOBNÉ MENO
Osobné meno Havrila, Otto,
Dátumy súvisiace s menom 1963-
Kód roly trl
-- 2534
Holdings
Stav stiahnutia (Blokovanie) (Withrawn status) Stav straty Zdroj klasifikácie pre skladovanie Stav poškodenia (Damaged status) Nie pre výpožičky (Not for loan) Spôsob nadobudnutia (Collection code) Trvalé umiestnenie Aktuálne umiestnenie Dátum nadobudnutia Náklady, bežná kúpna cena Inventárne číslo (prírastkové číslo) Full call number Čiarový kód Dátum posledného výskytu Cena s účinnosťou od Typ jednotky Koha
          Kúpa Mestská knižnica Giraltovce Mestská knižnica Giraltovce 2025-12-15 23.62 22463 B10979 B10979 2025-12-15 2025-12-15 Krásna literatúra pre dospelých

Powered by Koha